000
00247nam a2200109Ia 4500
008
170627s9999 xx 000 0 und d
100
_a
SEN- LEENA
245
0
_a
COMMUNICATION SKILLS
260
_b
PHI
260
_c
2004
546
_a
ENGLISH
690
_a
TECHNICAL COMUNICATION
999
_c
35417
_d
35417